[Event "Mazowiec-chT op"]
[Site "Poland"]
[Date "2014.10.26"]
[Round "4.10"]
[White "Mankowski, Sebastian"]
[Black "Llaneza Vega, Victor"]
[Result "1/2-1/2"]
[WhiteElo "1431"]
[BlackElo "1940"]
[PlyCount "63"]
[EventDate "2014.10.05"]
[EventType "team-tourn"]
[EventRounds "10"]
[EventCountry "POL"]
[SourceTitle "EXT 2019"]
[Source "ChessBase"]
[SourceDate "2018.10.10"]
[SourceVersion "1"]
[SourceVersionDate "2018.10.10"]
[SourceQuality "1"]

1. d4 f5 2. c4 Nf6 3. Nc3 d6 4. Nf3 g6 5. e3 Bg7 6. Be2 0-0 7. 0-0 c6 8. b3 Na6 9. Bb2 Nc7 10. c5 d5 11. b4 Ne4 12. Nd2 Ne8 13. f3 Nxc3 14. Bxc3 Bh6 15. f4 Nf6 16. Rb1 b5 17. Bf3 g5 18. g3 Ne4 19. Nxe4 fxe4 20. Bg4 gxf4 21. gxf4 Kh8 22. Kh1 Rf6 23. Rg1 Bxg4 24. Rxg4 Qe8 25. Rb2 Qf7 26. Rbg2 Rg6 27. a4 a6 28. a5 Rag8 29. Qg1 Qf5 30. h3 Qh5 31. Kh2 Bf8 32. Be1 1/2-1/2

[Event "Catalunya-chT"]
[Site "Barcelona"]
[Date "2011.03.26"]
[Round "9"]
[White "Llaneza Vega, Victor"]
[Black "Cuartas, Jaime Alexander"]
[Result "1-0"]
[WhiteElo "2008"]
[BlackElo "2537"]
[PlyCount "91"]
[EventDate "2011.01.29"]
[EventType "team-tourn"]
[EventRounds "11"]
[EventCountry "ESP"]
[SourceTitle "EXT 2012"]
[Source "ChessBase"]
[SourceDate "2011.11.24"]
[SourceVersion "1"]
[SourceVersionDate "2011.11.24"]
[SourceQuality "1"]
[WhiteTeam "Forment"]
[BlackTeam "Montcada"]
[WhiteTeamCountry "ESP"]
[BlackTeamCountry "ESP"]

1. e4 c5 2. Nf3 Nc6 3. Nc3 g6 4. Bb5 Bg7 5. 0-0 d6 6. e5 dxe5 7. Bxc6+ bxc6 8. Re1 f6 9. b3 Nh6 10. Ba3 Nf7 11. Bxc5 f5 12. d4 e4 13. Nd2 0-0 14. Nc4 Nd6 15. Ne5 Qc7 16. f4 Nb7 17. Na4 Rd8 18. c3 Rd5 19. Qe2 Nxc5 20. Nxc5 Bxe5 21. fxe5 Rxc5 22. dxc5 Qxe5 23. Qe3 Be6 24. Rad1 Kf7 25. Rd4 h5 26. Rf1 Ke8 27. Qh6 Kf7 28. Kh1 Bd5 29. Qe3 Kg7 30. Rb4 Rf8 31. g3 h4 32. Rb7 hxg3 33. hxg3 a5 34. Kg2 Qf6 35. Rd1 f4 36. gxf4 Qe6 37. Kg3 g5 38. Rf1 Qg6 39. f5 Qh5 40. Rxe7+ Kf6 41. Re6+ Kf7 42. Rxe4 Rh8 43. Rh1 Qxh1 44. Re7+ Kf8 45. Re8+ Kg7 46. Qxg5+ 1-0

[Event "POL-chT3 Mazowiecki"]
[Site "Warsaw"]
[Date "2011.03.20"]
[Round "10.20"]
[White "Bielecki, Pawel"]
[Black "Llaneza Vega, Victor"]
[Result "1-0"]
[WhiteElo "1892"]
[BlackElo "2008"]
[PlyCount "83"]
[EventDate "2011.01.09"]
[EventType "team-tourn"]
[EventRounds "10"]
[EventCountry "POL"]
[SourceTitle "EXT 2015"]
[Source "ChessBase"]
[SourceDate "2014.11.20"]
[SourceVersion "1"]
[SourceVersionDate "2014.11.20"]
[SourceQuality "1"]
[WhiteTeam "Warszawa Hetman"]
[BlackTeam "Chylice UKS Szachylice"]
[WhiteTeamCountry "POL"]
[BlackTeamCountry "POL"]

1. e4 c5 2. Nf3 Nc6 3. d4 cxd4 4. Nxd4 e5 5. Nb5 a6 6. Nd6+ Bxd6 7. Qxd6 Qf6 8. Qd1 Qg6 9. Nc3 Nge7 10. Be3 d5 11. Nxd5 Nxd5 12. Qxd5 Be6 13. Qd2 Qxe4 14. f3 Qb4 15. c3 Qa4 16. Bd3 Rd8 17. Qe2 0-0 18. Bc2 Qh4+ 19. Qf2 Qh5 20. 0-0 f5 21. Rfd1 f4 22. Bc5 Rfe8 23. a3 Bc4 24. Bb6 Rxd1+ 25. Rxd1 e4 26. fxe4 Rxe4 27. Re1 Rxe1+ 28. Qxe1 f3 29. gxf3 Ne5 30. Be4 Bd3 31. Bd5+ Kh8 32. Qg3 Qh6 33. Bf2 Qc1+ 34. Be1 Qe3+ 35. Qf2 Qg5+ 36. Qg3 Qe3+ 37. Qf2 Qg5+ 38. Kh1 Ng4 39. Qc5 h5 40. Qc8+ Kh7 41. Qg8+ Kh6 42. fxg4 1-0

[Event "Catalunya-chT"]
[Site "Barcelona"]
[Date "2011.02.26"]
[Round "5"]
[White "Llaneza Vega, Victor"]
[Black "Lafuente, Pablo"]
[Result "1/2-1/2"]
[WhiteElo "2008"]
[BlackElo "2561"]
[PlyCount "61"]
[EventDate "2011.01.29"]
[EventType "team-tourn"]
[EventRounds "11"]
[EventCountry "ESP"]
[SourceTitle "EXT 2012"]
[Source "ChessBase"]
[SourceDate "2011.11.24"]
[SourceVersion "1"]
[SourceVersionDate "2011.11.24"]
[SourceQuality "1"]
[WhiteTeam "Forment"]
[BlackTeam "Cerdanyola Valles"]
[WhiteTeamCountry "ESP"]
[BlackTeamCountry "ESP"]

1. e4 e5 2. Nf3 Nc6 3. Bb5 a6 4. Ba4 Nf6 5. 0-0 Be7 6. Re1 b5 7. Bb3 d6 8. c3 0-0 9. h3 Nb8 10. d4 Nbd7 11. Nbd2 Bb7 12. Bc2 Re8 13. Nf1 Bf8 14. Ng3 g6 15. a4 c5 16. d5 c4 17. Bg5 h6 18. Be3 Nc5 19. Qd2 h5 20. Bg5 Be7 21. Ra3 Nh7 22. Be3 Qc7 23. Rea1 Nf6 24. axb5 axb5 25. Qc1 Nfd7 26. Nf1 Rxa3 27. Rxa3 Ra8 28. Rxa8+ Bxa8 29. Qa1 Bb7 30. N3d2 Bd8 31. g4 1/2-1/2

[Event "Chylice Fidelice Cup"]
[Site "Chylice"]
[Date "2010.10.03"]
[Round "4.1"]
[White "Winiarski, Mikolaj"]
[Black "Llaneza Vega, Victor"]
[Result "1/2-1/2"]
[WhiteElo "1713"]
[BlackElo "2003"]
[PlyCount "90"]
[EventDate "2010.10.01"]
[EventType "tourn"]
[EventRounds "5"]
[EventCountry "POL"]
[SourceTitle "EXT 2023"]
[Source "ChessBase"]
[SourceDate "2022.10.05"]
[SourceVersion "1"]
[SourceVersionDate "2022.10.05"]
[SourceQuality "1"]

1. e4 c5 2. Nc3 e6 3. g3 d5 4. exd5 exd5 5. Bg2 Nf6 6. d3 d4 7. Nce2 Bd6 8. Nf3 0-0 9. 0-0 Nc6 10. Bf4 Bg4 11. h3 Bh5 12. g4 Bg6 13. Bxd6 Qxd6 14. Ng3 Nd5 15. Nd2 Nf4 16. Nde4 Bxe4 17. Nxe4 Qh6 18. Nxc5 Nxh3+ 19. Bxh3 Qxh3 20. f4 f5 21. g5 Rfe8 22. Qf3 Qxf3 23. Rxf3 b6 24. Nb3 Re2 25. Rf2 Rae8 26. Kf1 R2e3 27. Nd2 Kf7 28. Nc4 R3e6 29. c3 Kg6 30. cxd4 Nxd4 31. Ne5+ Rxe5 32. fxe5 Rxe5 33. Rc1 Re3 34. Rc7 a5 35. Rd2 f4 36. Rc4 Nf3 37. Rf2 Rxd3 38. Rxf4 Nxg5 39. Rc4 Rd6 40. Rfc2 Kf5 41. Rc6 Ke6 42. Rc7 g6 43. Rg2 h6 44. Re2+ Kd5 45. Rd2+ Ke6 1/2-1/2

[Event "Mazowiec-chT 0910"]
[Site "Mazowsze"]
[Date "2009.12.13"]
[Round "2.20"]
[White "Llaneza Vega, Victor"]
[Black "Bugajski, Robert"]
[Result "0-1"]
[WhiteElo "2045"]
[BlackElo "2209"]
[PlyCount "82"]
[EventDate "2009.11.29"]
[EventType "team-tourn"]
[EventRounds "11"]
[EventCountry "POL"]
[SourceTitle "EXT 2011"]
[Source "ChessBase"]
[SourceDate "2010.11.26"]
[SourceVersion "1"]
[SourceVersionDate "2010.11.26"]
[SourceQuality "1"]

1. e4 c5 2. Nf3 d6 3. Bb5+ Nc6 4. d4 cxd4 5. Qxd4 Bd7 6. Bxc6 bxc6 7. e5 Bf5 8. 0-0 e6 9. Qa4 Qd7 10. exd6 Bxd6 11. Nd4 Ne7 12. Nxf5 Nxf5 13. Nc3 0-0 14. Bf4 e5 15. Bg3 Rab8 16. Qg4 Rb4 17. Ne4 Qe6 18. a3 Rxb2 19. Rfe1 Rxc2 20. Qd1 Rc4 21. Nxd6 Qxd6 22. Rxe5 Qxd1+ 23. Rxd1 Nxg3 24. hxg3 Ra4 25. Rc1 Rxa3 26. Rxc6 g6 27. Re7 Ra1+ 28. Kh2 Ra2 29. Rcc7 Rxf2 30. Kg1 Rf5 31. Rxa7 h5 32. Re3 Rd8 33. Rf3 Rd1+ 34. Kh2 Rf1 35. Rfa3 Kg7 36. Rb3 Kf6 37. Rb6+ Kg5 38. Rb3 f6 39. Raa3 Re1 40. Ra2 Rd5 41. Rf2 Rdd1 0-1

[Event "Mazowiec-chT 0910"]
[Site "Mazowsze"]
[Date "2009.11.29"]
[Round "1.6"]
[White "Llaneza Vega, Victor"]
[Black "Solnicki, Michal"]
[Result "1/2-1/2"]
[WhiteElo "2045"]
[BlackElo "2039"]
[PlyCount "30"]
[EventDate "2009.11.29"]
[EventType "team-tourn"]
[EventRounds "11"]
[EventCountry "POL"]
[SourceTitle "EXT 2011"]
[Source "ChessBase"]
[SourceDate "2010.11.26"]
[SourceVersion "1"]
[SourceVersionDate "2010.11.26"]
[SourceQuality "1"]

1. e4 c5 2. Nf3 g6 3. Nc3 Bg7 4. Bc4 Nc6 5. 0-0 d6 6. h3 e6 7. d3 Nge7 8. Bg5 a6 9. Qc1 h6 10. Bd2 d5 11. exd5 exd5 12. Bb3 Be6 13. Re1 b5 14. a4 b4 15. Ne2 c4 1/2-1/2

[Event "Mazowiec-chT 0708"]
[Site "Poland"]
[Date "2007.12.02"]
[Round "4"]
[White "Llaneza Vega, Victor"]
[Black "Nguyen, Piotr"]
[Result "0-1"]
[WhiteElo "2034"]
[BlackElo "2257"]
[PlyCount "120"]
[EventDate "2007.10.14"]
[EventType "team-tourn"]
[EventRounds "10"]
[EventCountry "POL"]
[SourceTitle "EXT 2010"]
[Source "ChessBase"]
[SourceDate "2010.11.25"]
[SourceVersion "1"]
[SourceVersionDate "2010.11.25"]
[SourceQuality "1"]

1. e4 d5 2. exd5 Qxd5 3. Nc3 Qd6 4. Nf3 Nf6 5. d4 a6 6. Bg5 b5 7. Bd3 Bb7 8. Qe2 Nbd7 9. 0-0 e6 10. Rfe1 h6 11. Bh4 Qb6 12. Rad1 Bb4 13. Ne5 0-0 14. Nxd7 Nxd7 15. Be4 c5 16. Bxb7 Qxb7 17. Be7 Rfe8 18. Bxc5 Nxc5 19. dxc5 Rac8 20. Ne4 Bxe1 21. Rxe1 Qd5 22. Nd6 Red8 23. Nxc8 Qxc5 24. Rd1 Qxc8 25. Rd3 Rd5 26. Rxd5 exd5 27. c3 Qe6 28. Qxe6 fxe6 29. Kf1 e5 30. f3 Kf7 31. Ke2 Ke6 32. Ke3 h5 33. g3 Kf5 34. h3 h4 35. gxh4 Kg6 36. f4 e4 37. Kf2 Kh5 38. Kg3 a5 39. f5 Kh6 40. Kf4 Kh5 41. Kg3 a4 42. b3 a3 43. b4 e3 44. Kf3 Kxh4 45. Kxe3 Kxh3 46. Kf4 Kh4 47. Ke5 Kg5 48. Kxd5 Kxf5 49. c4 bxc4 50. Kxc4 Ke6 51. Kb5 g5 52. Kc6 g4 53. b5 g3 54. b6 g2 55. b7 g1Q 56. b8Q Qc1+ 57. Kb7 Qb2+ 58. Kc7 Qxb8+ 59. Kxb8 Kd5 60. Kb7 Kc4 0-1

[Event "Mazowiec-chT 0708"]
[Site "Poland"]
[Date "2007.10.14"]
[Round "1"]
[White "Llaneza Vega, Victor"]
[Black "Wengierow, Michal"]
[Result "1-0"]
[WhiteElo "2034"]
[BlackElo "2154"]
[PlyCount "66"]
[EventDate "2007.10.14"]
[EventType "team-tourn"]
[EventRounds "10"]
[EventCountry "POL"]
[SourceTitle "EXT 2010"]
[Source "ChessBase"]
[SourceDate "2010.11.25"]
[SourceVersion "1"]
[SourceVersionDate "2010.11.25"]
[SourceQuality "1"]

1. e4 c5 2. Nf3 d6 3. Bb5+ Bd7 4. Bxd7+ Qxd7 5. 0-0 Nc6 6. c3 g6 7. d4 cxd4 8. cxd4 Bg7 9. Nc3 Nf6 10. Bg5 h6 11. Bxf6 Bxf6 12. Nd5 Bg7 13. Rc1 0-0 14. Re1 Rac8 15. Qd2 Kh7 16. b3 e6 17. Nb4 Nxb4 18. Qxb4 b6 19. h3 Rc7 20. d5 Rfc8 21. Rxc7 Qxc7 22. Nd4 a5 23. Qd2 Qc5 24. Nc6 Bc3 25. Qf4 Kg7 26. Rc1 exd5 27. exd5 Re8 28. Qf3 Re1+ 29. Rxe1 Bxe1 30. Nd8 Qc7 31. Nc6 Bb4 32. Qe4 Bc5 33. Qe8 b5 1-0

[Event "Najdorf Memorial op-A"]
[Site "Grodzisk Mazowiecki"]
[Date "2007.07.27"]
[Round "8"]
[White "Llaneza Vega, Victor"]
[Black "Roszkowski, Rafal"]
[Result "0-1"]
[WhiteElo "2020"]
[BlackElo "2114"]
[PlyCount "38"]
[EventDate "2007.07.20"]
[EventType "swiss"]
[EventRounds "9"]
[EventCountry "POL"]
[SourceTitle "CBM 119 Extra"]
[Source "ChessBase"]
[SourceDate "2007.09.04"]
[SourceVersion "1"]
[SourceVersionDate "2007.09.04"]
[SourceQuality "1"]

1. e4 c5 2. Nf3 Nc6 3. Bb5 g6 4. 0-0 Bg7 5. c3 Nf6 6. Re1 0-0 7. d4 d5 8. e5 Ne4 9. Nbd2 cxd4 10. cxd4 Nxd2 11. Bxd2 Bd7 12. Rc1 Nxe5 13. dxe5 Bxb5 14. Qb3 Qd7 15. e6 fxe6 16. Ne5 Bxe5 17. Rxe5 Rf5 18. Bc3 Rc8 19. Qd1 Rxc3 0-1

[Event "Najdorf Memorial op-A"]
[Site "Grodzisk Mazowiecki"]
[Date "2007.07.26"]
[Round "7"]
[White "Jensen, Christine"]
[Black "Llaneza Vega, Victor"]
[Result "1/2-1/2"]
[WhiteElo "2018"]
[BlackElo "2020"]
[PlyCount "41"]
[EventDate "2007.07.20"]
[EventType "swiss"]
[EventRounds "9"]
[EventCountry "POL"]
[SourceTitle "CBM 119 Extra"]
[Source "ChessBase"]
[SourceDate "2007.09.04"]
[SourceVersion "1"]
[SourceVersionDate "2007.09.04"]
[SourceQuality "1"]

1. d4 f5 2. g3 Nf6 3. Nf3 d6 4. Bg2 g6 5. c3 c6 6. Qb3 Qb6 7. Nbd2 Qxb3 8. axb3 Bg7 9. h4 0-0 10. Ng5 Na6 11. e4 Nc7 12. b4 a6 13. Nc4 h6 14. e5 dxe5 15. dxe5 Ng4 16. Nh3 Be6 17. Na5 Bd5 18. Bxd5+ Nxd5 19. f4 Rab8 20. Nf2 Rfc8 21. Nxg4 1/2-1/2

[Event "Najdorf Memorial op-A"]
[Site "Grodzisk Mazowiecki"]
[Date "2007.07.20"]
[Round "1"]
[White "Adamski, Jan"]
[Black "Llaneza Vega, Victor"]
[Result "1/2-1/2"]
[WhiteElo "2354"]
[BlackElo "2020"]
[PlyCount "109"]
[EventDate "2007.07.20"]
[EventType "swiss"]
[EventRounds "9"]
[EventCountry "POL"]
[SourceTitle "CBM 119 Extra"]
[Source "ChessBase"]
[SourceDate "2007.09.04"]
[SourceVersion "1"]
[SourceVersionDate "2007.09.04"]
[SourceQuality "1"]

1. Nf3 c5 2. c4 Nf6 3. Nc3 g6 4. d4 cxd4 5. Nxd4 Bg7 6. e4 d6 7. Be2 0-0 8. Be3 Nc6 9. 0-0 Bd7 10. f3 Qa5 11. Nb3 Qd8 12. Rc1 b6 13. Qd2 Rc8 14. Bg5 Be6 15. Rfd1 Ne5 16. Nd5 Bxd5 17. exd5 Ned7 18. Nd4 Nb8 19. Re1 Qd7 20. Bf1 Rfe8 21. g3 Nh5 22. b3 Bxd4+ 23. Qxd4 f6 24. Bd2 Ng7 25. Bc3 Na6 26. Re2 Qf5 27. Kg2 Nc5 28. Rce1 Rc7 29. Re3 Qg5 30. f4 Qg4 31. Be2 Qd7 32. Qd2 Nf5 33. Rf3 Ne4 34. Qd1 Nxc3 35. Rxc3 e5 36. dxe6 Qxe6 37. Kf2 Rce7 38. c5 Kg7 39. g4 Ne3 40. Qxd6 Nxg4+ 41. Kg3 Qe4 42. Qd3 Qxd3+ 43. Rxd3 Nh6 44. Kf2 bxc5 45. Rd2 Nf5 46. Rc1 Re4 47. Rxc5 Rxf4+ 48. Kg2 Re3 49. Rc7+ Kh6 50. Rc4 Rxc4 51. Bxc4 Re7 52. Kf3 Nh4+ 53. Kg3 Nf5+ 54. Kf3 Nh4+ 55. Kg3 1/2-1/2

[Event "Asturias-chT Preferente 0304"]
[Site "Asturias"]
[Date "2003.11.15"]
[Round "2"]
[White "Ahmed Garcia, Omar"]
[Black "Llaneza Vega, Victor"]
[Result "0-1"]
[WhiteElo "1967"]
[BlackElo "2015"]
[PlyCount "60"]
[EventDate "2003.??.??"]
[EventType "team"]
[EventRounds "7"]
[EventCountry "ESP"]
[SourceTitle "EXT 2007"]
[Source "ChessBase"]
[SourceDate "2006.11.23"]
[SourceVersion "1"]
[SourceVersionDate "2006.11.23"]
[SourceQuality "1"]

1. e4 c5 2. Nc3 e6 3. Bc4 Nc6 4. d3 Nf6 5. Bg5 Be7 6. Nge2 Nxe4 7. Bxe7 Nxc3 8. Bxd8 Nxd1 9. Bc7 Nxb2 10. Bd6 Nxc4 11. dxc4 b6 12. Nc3 Ba6 13. Nb5 Bxb5 14. cxb5 Nd4 15. c4 Nc2+ 16. Kd2 Nxa1 17. Rxa1 0-0-0 18. a4 Rhe8 19. f4 f6 20. Rf1 g6 21. Kd3 e5 22. fxe5 fxe5 23. Rf7 Re6 24. Be7 Re8 25. Bg5 Rd6+ 26. Kc3 e4 27. Rf1 Rd3+ 28. Kc2 Ra3 29. Kb2 Rxa4 30. Kb3 Rb4+ 0-1